2000 Most Common Portuguese Words in Context / (Record no. 615108)

000 -LEADER
fixed length control field 00440nam a22001457a 4500
020 ## - INTERNATIONAL STANDARD BOOK NUMBER
International Standard Book Number 9781090432599
082 ## - DEWEY DECIMAL CLASSIFICATION NUMBER
Classification number 448.2
Author Mark MAS
100 ## - MAIN ENTRY--PERSONAL NAME
Personal name Mastery, Lingo
245 ## - TITLE STATEMENT
Title 2000 Most Common Portuguese Words in Context /
Statement of responsibility, etc. Lingo Mastery
260 ## - PUBLICATION, DISTRIBUTION, ETC.
Name of publisher, distributor, etc. Lingo Mastery,
Date of publication, distribution, etc. 2019.
300 ## - PHYSICAL DESCRIPTION
Extent 283p. ;
563 ## - BINDING INFORMATION
Binding note P.B
650 ## - SUBJECT ADDED ENTRY--TOPICAL TERM
Topical term or geographic name entry element Get Fluent & Increase Your Portuguese Vocabulary with 2000 Portuguese Phrases
942 ## - ADDED ENTRY ELEMENTS (KOHA)
Source of classification or shelving scheme
Koha item type Book
650 ## - SUBJECT ADDED ENTRY--TOPICAL TERM
-- 130986
Holdings
Withdrawn status Lost status Source of classification or shelving scheme Damaged status Not for loan Permanent Location Current Location Shelving location Date acquired Total Checkouts Full call number Barcode Date last seen Price effective from Koha item type
          Central Library (CL) Central Library (CL) General Stacks 10/08/2025   448.2 MAS LC-518 10/08/2025 10/08/2025 Book
© 2023 Central Library, National University of Sciences and Technology. All Rights Reserved.